Statistiche per Le capitali con altitudine maggiore

Clicka qui per fare il quiz!

Statistiche generali

  • Questo quiz è stato fatto 21 volte
  • Il punteggio medio è 6 su 15

Statistiche sulle risposte

Altitudine (m s.l.m.)Capitale% Corretto
3 640La Paz
95%
2 850Quito
84%
2 640Bogotà
79%
2 256Città del Messico
63%
2 790Sucre
47%
1 791Kabul
42%
2 320Thimphu
37%
2 355Addis Abeba
32%
2 363Asmara
32%
1 567Kigali
21%
1 661Nairobi
21%
1 504Gitega
16%
1 600Maseru
16%
2 250Sana'a
16%
1 650Windhoek
11%

Distribuzione punteggi

Percentile per numero di risposta

Percentuale di utenti per punteggio

I tuoi punteggi nel tempo

Non hai fatto questo quiz